Normal view
MARC view
Entry Personal Name
001 - CONTROL NUMBER
- control field: 12187
003 - CONTROL NUMBER IDENTIFIER
- control field: BD-RjUL
005 - DATE AND TIME OF LATEST TRANSACTION
- control field: 20240311101720.0
008 - FIXED-LENGTH DATA ELEMENTS
- fixed length control field: 240311|| aca||aabn | a|a d
040 ## - CATALOGING SOURCE
- Original cataloging agency: BD-RjUL
- Transcribing agency: BD-RjUL
100 ## - HEADING--PERSONAL NAME
- Personal name: فریدآبادی٫ سید ہاشمی ;; Farīdābādī, Sayyid.Hāshmī
670 ## - SOURCE DATA FOUND
- Source citation: Work cat.: (BD-RjUL)83291: فریدآبادی٫ سید ہاشمی ;; Farīdābādī, Sayyid.Hāshmī, تاريخ مسلمانان پاکستان وبہارت ;; Tārīk̲h̲-i Musalmānān-i Pākistān o Bhārat (Hind) /, 1953